Photosynthesis (Record no. 40989)

MARC details
000 -LEADER
fixed length control field 00418nam a2200145Ia 4500
008 - FIXED-LENGTH DATA ELEMENTS--GENERAL INFORMATION
fixed length control field 211109s9999||||xx |||||||||||||| ||und||
082 ## - DEWEY DECIMAL CLASSIFICATION NUMBER
Classification number 572.46
Item number SIN-P
100 ## - MAIN ENTRY--PERSONAL NAME
Personal name Sinhgal, G S
245 #0 - TITLE STATEMENT
Title Photosynthesis
260 ## - PUBLICATION, DISTRIBUTION, ETC.
Name of publisher, distributor, etc. Jaico Book Distributers
Place of publication, distribution, etc. New Delhi
Date of publication, distribution, etc. 1989
300 ## - PHYSICAL DESCRIPTION
Extent 441p.
630 ## - SUBJECT ADDED ENTRY--UNIFORM TITLE
General subdivision GENERAL STACK
650 ## - SUBJECT ADDED ENTRY--TOPICAL TERM
Topical term or geographic name entry element NATURAL SCIENCES & MATHEMATICS
942 ## - ADDED ENTRY ELEMENTS (KOHA)
Koha item type BOOK
650 ## - SUBJECT ADDED ENTRY--TOPICAL TERM
Form subdivision LIFE SCIENCES, BIOLOGY
General subdivision BIOCHEMSTRYBotany
Holdings
Withdrawn status Lost status Damaged status Not for loan Home library Current library Date acquired Cost, normal purchase price Total Checkouts Full call number Barcode Shelving location Date last seen Price effective from Koha item type
        SB LIBRARY SB LIBRARY 09/11/2021 575.00   572.46 SIN-P 00082614 GENERAL STACK 09/11/2021 09/11/2021 BOOK

Powered by Koha